[Event "V Abierto Ciudad de Dos Hermanas"]
[Site "?"]
[Date "2006.04.04"]
[Round "6"]
[White "Spraggett, K."]
[Black "Teran Alvarez, I."]
[Result "1-0"]
[WhiteElo "2581"]
[BlackElo "2446"]
[PlyCount "109"]
[EventDate "2006.03.30"]
[SourceDate "2006.03.30"]

1. e4 c5 2. Nf3 d6 3. d4 cxd4 4. Nxd4 Nf6 5. Nc3 a6 6. Bg5 e6 7. f4 Qc7 8. Bxf6
gxf6 9. Be2 Nc6 10. Qd2 Bd7 11. O-O-O h5 12. Kb1 O-O-O 13. Rhf1 Kb8 14. Rf3
Nxd4 15. Qxd4 Be7 16. Rfd3 Bc6 17. Bf3 h4 18. a3 Rc8 19. Qf2 Qa5 20. Bg4 Qc5
21. Qd2 Rhg8 22. h3 Rc7 23. Re1 Ka8 24. Re2 Rgc8 25. Qe1 Be8 26. f5 Qe5 27. Nd5
(27. Qxh4 $5 Rxc3 28. Rxc3 Rxc3 29. bxc3 Bb5 (29... Qxc3 30. Qh8 Qc6 31. fxe6
Ka7 32. Re3 $18) 30. fxe6 Bxe2 (30... fxe6 31. Qh7) 31. Bxe2 Qxe6 (31... fxe6
32. Qh7 Qxc3 33. Qxe7 Qe1+ 34. Kb2 Qxe2 35. Qxf6 Qxe4 36. Qf8+ Ka7 37. Qxd6
Qxg2 38. Qxe6 $16) 32. Bd3 $14) 27... Bb5 28. Nxc7+ Rxc7 29. Qd2 Bf8 30. Ree3
Bxd3 31. Qxd3 Bh6 32. Re2 Rc6 33. c3 Bf4 34. Ka2 Bh2 35. Bh5 Rc7 36. Rd2 Bf4
37. Rd1 Kb8 38. Bg4 Rc5 39. Rf1 Bg5 40. Bf3 Rc6 41. Bh5 Rc7 42. Bd1 Rc6 43. Bb3
Rb6 44. fxe6 fxe6 45. Qc4 {Diagrama #} Qg3 $6 $138 (45... f5 46. exf5 exf5) 46.
Qxe6 Qxg2 $6 (46... Ka7) 47. Qg8+ Ka7 48. Rxf6 Qd2 49. Rf8 Rb5 50. Ra8+ Kb6 51.
Qf7 $6 (51. a4 Rc5 52. Qb8 Rxc3 53. Qa7+ Ka5 54. Qxb7 $18) 51... Qf4 (51... Qe2
52. Qd7 Qxe4 53. Qxd6+ Qc6 54. Qd4+ Qc5 55. Qd3) 52. Qc4 (52. Qh7 $1) 52... Bf6
$2 (52... Qf2 $1 53. Qc8 (53. a4 Bc1) 53... Qf4) 53. a4 Rc5 $2 (53... d5) 54.
Qb4+ Kc7 55. Ra7 1-0

[Event "V Abierto Ciudad de Dos Hermanas"]
[Site "?"]
[Date "2006.04.04"]
[Round "6"]
[White "Barrero Garcia, C."]
[Black "Korneev, O."]
[Result "1-0"]
[WhiteElo "2302"]
[BlackElo "2649"]
[PlyCount "143"]
[EventDate "2006.03.30"]
[SourceDate "2006.03.30"]

1. d4 d5 2. c4 e6 3. Nc3 c6 4. e4 dxe4 5. Nxe4 Bb4+ 6. Bd2 Qxd4 7. Bxb4 Qxe4+
8. Be2 Na6 9. Bd6 e5 10. Nf3 Bg4 11. O-O O-O-O 12. Bd3 Qf4 13. Bxe5 Qxe5 14.
Nxe5 Bxd1 15. Raxd1 Nh6 16. Rfe1 Rhe8 17. Kf1 Nb4 18. a3 Nxd3 19. Rxd3 Rxd3 20.
Nxd3 Rd8 21. Ke2 Nf5 22. Kd2 h5 23. Kc3 g6 24. Nc5 Re8 25. Nd3 Rxe1 26. Nxe1
Kd7 27. Nf3 c5 28. b4 cxb4+ 29. axb4 f6 30. Nd4 Nxd4 31. Kxd4 Kd6 32. c5+ Kc6
33. Kc4 a6 34. h3 b6 35. cxb6 Kxb6 36. g3 Kc6 37. f3 Kb6 38. Kc3 Kb5 39. Kb3
Kc6 40. Kc4 Kd6 41. Kd4 Kc6 42. Kc4 Kb6 43. Kc3 Kc7 44. Kd3 Kd7 45. Kc3 g5 46.
g4 h4 47. Kd4 Kc6 48. Kc4 Kd6 49. Kd4 Kc6 50. Kc4 Kb6 51. Kb3 Kb5 52. Ka3 Kc4
53. Ka4 Kc3 54. Ka5 Kb3 55. Kxa6 Kxb4 56. Kb6 Kc4 57. Kc6 Kd4 58. Kd6 Ke3 59.
Ke6 Kxf3 60. Kxf6 Kg3 61. Kxg5 Kxh3 62. Kf4 Kg2 63. g5 h3 64. g6 h2 65. g7 h1=Q
66. g8=Q+ Kf1 67. Qc4+ {Diagrama #} Kf2 $4 (67... Kg1 68. Qc1+ Kh2 $11) 68.
Qc2+ Kf1 69. Qd1+ Kg2 70. Qe2+ Kh3 71. Qg4+ Kh2 72. Qg3# 1-0

[Event "V Abierto Ciudad de Dos Hermanas"]
[Site "?"]
[Date "2006.04.04"]
[Round "6"]
[White "Carlsson, P."]
[Black "Biedma Martin, E."]
[Result "1-0"]
[WhiteElo "2430"]
[BlackElo "2287"]
[PlyCount "119"]
[EventDate "2006.03.30"]
[SourceDate "2006.03.30"]

1. e4 e5 2. Nf3 Nc6 3. Bb5 a6 4. Ba4 Nf6 5. O-O Be7 6. Re1 b5 7. Bb3 d6 8. c3
O-O 9. h3 Na5 10. Bc2 c5 11. d4 Qc7 12. Nbd2 Nc6 13. d5 Nd8 14. a4 Rb8 15. axb5
axb5 16. b4 c4 17. Nf1 Ne8 18. g4 g6 19. Bh6 Ng7 20. Ng3 f6 21. Kh2 Nf7 22. Be3
Bd7 23. Ra7 Rb7 24. Ra6 Qc8 25. Rg1 Kh8 26. Qf1 Rb8 27. Ra7 Ra8 28. Qa1 Qb8 29.
Qa6 Rxa7 30. Bxa7 {Diagrama #} Qc8 $2 (30... Qa8) 31. Qxc8 Rxc8 32. Ra1 Ra8 33.
Ra5 Bd8 34. Bb6 Rxa5 $2 (34... Rb8 35. Bxd8 Rxd8) 35. bxa5 Bxb6 36. axb6 Bc8
37. Nd2 Kg8 38. Nb1 Nd8 39. Na3 Ba6 40. Ne2 f5 41. Nc1 fxe4 42. Na2 Ne8 43. Nb4
Bb7 44. Nxb5 Kf7 45. Bxe4 Ke7 46. f3 Ba8 47. Na3 Nb7 48. Nxc4 Nc5 49. g5 Na4
50. Na2 Ng7 51. Bc2 Nc5 52. Nb4 Nh5 53. Na5 Nf4 54. c4 Kd8 55. Na2 Ne2 56. Bd1
Nd4 57. Nc3 Kc8 58. Ne4 Nf5 59. Nxc5 dxc5 60. f4 1-0

[Event "V Abierto Ciudad de Dos Hermanas"]
[Site "?"]
[Date "2006.04.04"]
[Round "6"]
[White "Colovic, A."]
[Black "Cheparinov, I."]
[Result "0-1"]
[WhiteElo "2459"]
[BlackElo "2625"]
[PlyCount "156"]
[EventDate "2006.03.30"]
[SourceDate "2006.03.30"]

1. e4 c5 2. Nf3 d6 3. d4 cxd4 4. Nxd4 Nf6 5. Nc3 a6 6. Bc4 e6 7. Bb3 b5 8. f4
Bb7 9. Be3 Nbd7 10. O-O Rc8 11. Qe2 Nc5 12. Rad1 Nxb3 13. cxb3 Qc7 14. f5 e5
15. Nf3 h6 16. Bf2 b4 17. Nd5 Nxd5 18. exd5 Qc2 19. Qe1 Qxf5 20. Qxb4 Qd7 21.
Nh4 g6 22. Qe4 f5 23. Qf3 Rg8 24. Be3 Qf7 25. Qe2 Bxd5 26. Qxa6 Qb7 27. Qe2 Be7
28. Nf3 f4 29. Bc1 g5 {Diagrama #} 30. Ne1 Kf7 31. Bd2 Bf6 32. Bc3 Rgd8 33. h3
Be4 34. Nf3 Bf5 35. Rfe1 Kg7 36. Nh2 Qa7+ 37. Kh1 Qxa2 38. Ng4 Bxg4 39. Qxg4
Qxb3 40. Rxd6 Rxd6 41. Qxc8 Qe6 42. Qb7+ Rd7 43. Qe4 Re7 44. b4 g4 45. hxg4
Qxg4 {Diagrama #} 46. Re3 $2 (46. b5 Qg6 47. Qf3 Qf5 48. b6 e4 49. g4 Qg5 50.
Bxf6+ Kxf6 51. Rxe4 Rxe4 52. Qxe4 $11) 46... Qg6 47. Re1 Qxe4 48. Rxe4 Kg6 49.
b5 Rb7 50. Rb4 Kf5 51. b6 Be7 52. Rb5 Bd6 53. Ba5 Ke6 54. Kg1 Kd7 55. Kf2 Kc6
56. Rb1 e4 57. Rh1 Bc5+ 58. Ke2 Rg7 59. Rxh6+ Kb5 60. b7 Rxb7 61. Bd2 e3 62.
Be1 Kc4 63. Rf6 Rb2+ 64. Kf3 Kd3 65. Rxf4 Rb1 66. Bh4 e2 67. Rf5 Rf1+ 68. Kg4
Bd4 69. Rf3+ Ke4 70. Bg3 Be3 71. Bh4 Bc5 72. Bg3 Bd6 73. Bh4 Be5 74. Kg5 Rg1
75. Kh5 Rxg2 76. Rb3 Rh2 77. Rb1 Bg3 78. Rb4+ Kd5 0-1

[Event "V Abierto Ciudad de Dos Hermanas"]
[Site "?"]
[Date "2006.04.04"]
[Round "6"]
[White "Diaz Castro, S."]
[Black "Ivanov, J."]
[Result "1/2-1/2"]
[WhiteElo "2241"]
[BlackElo "2348"]
[PlyCount "120"]
[EventDate "2006.03.30"]
[SourceDate "2006.03.30"]

1. d4 d5 2. c4 dxc4 3. Nf3 c6 4. e4 b5 5. a4 e6 6. axb5 cxb5 7. b3 Bb4+ 8. Bd2
Bxd2+ 9. Nbxd2 Nc6 10. bxc4 Nxd4 11. cxb5 Ne7 12. Nxd4 Qxd4 13. Be2 O-O 14. O-O
Bb7 15. Ra4 Qd8 16. Nb3 Qb6 17. Qd4 Rfd8 18. Qb4 Ng6 19. Rfa1 Nf4 20. Bf1 e5
21. Qc5 Qg6 22. Rxa7 Rxa7 23. Rxa7 Bxe4 24. Rd7 Rf8 25. f3 Bxf3 26. Rd2 h5 27.
Qxe5 Nh3+ 28. Kh1 Qb1 29. Qa1 Qxb3 30. gxf3 Nf4 31. Qd1 Qe3 32. Rd8 Rxd8 33.
Qxd8+ Kh7 34. Qa8 Qf2 35. Qe4+ g6 36. Qc4 Nd5 37. h3 Qxf3+ 38. Kg1 Kh6 39. Qd4
Ne3 40. Qd3 f5 41. b6 {Diagrama #} f4 (41... Qg3+ 42. Kh1 f4 43. Qe2 Nxf1 44.
Qxf1 g5 45. b7 f3 46. Qa6+ Kg7 47. Qa1+ Kf7 48. Qa2+ Ke7 49. Qd2) 42. Qe2 Qe4 (
42... Qg3+ 43. Bg2) 43. Qd3 Qf3 44. Qe2 Qb7 45. Qa6 Qf3 46. Qe2 Qe4 47. Qd3 Qf3
48. Qe2 Qg3+ 49. Bg2 Nxg2 50. Qxg2 Qe1+ 51. Kh2 Qe5 52. Kg1 Qe1+ 53. Kh2 Qe5
54. Kg1 Qe1+ 55. Kh2 Qc3 56. h4 Kh7 57. Qb7+ Kh6 58. Qg2 Kh7 59. Qb7+ Kh6 60.
Qg2 Kh7 1/2-1/2